00677nam a22002057a 4500003000500000005001700005008004100022010001000063011001000073035001000083040000900093082002400102110006300126245009900189260005800288300000900346500004200355650003700397651003700434CHAP20220329135349.0971013s1827 r 00010 d a35108 a36080 a40199 cCHAP a336.72bM48 1825/26 aMéxico. Ministerio de Relaciones Interiores y Exteriores aMemoria leída en la cámara de diputados el 10, y en la de senadores el 12 de enero de 1827 aMéico, D.F. :bImprenta del Supremo Gobierno,c1827 a37 p aEncuadernado con: Memoria de hacienda14aMéxicoxRelaciones exteriores. 4aMéxicoxPolítica y gobierno.